[Event "Allauch op 4th"]
[Site "Allauch"]
[Date "2022.08.23"]
[Round "3"]
[White "Kostenjuk, Kristina"]
[Black "Hamm, Rodrigue"]
[Result "1-0"]
[WhiteElo "1298"]
[BlackElo "1408"]
[PlyCount "95"]
[EventDate "2022.08.22"]
[EventType "swiss"]
[EventRounds "9"]
[EventCountry "FRA"]
[SourceTitle "CBM 210 Extra"]
[Source "ChessBase"]
[SourceDate "2022.11.30"]
[SourceVersion "1"]
[SourceVersionDate "2022.11.30"]
[SourceQuality "1"]

1. Nf3 Nf6 2. e3 d5 3. d4 e6 4. b3 Bd6 5. Bb2 c5 6. Nbd2 0-0 7. Bd3 Nc6 8. 0-0 Qc7 9. a3 b6 10. c4 e5 11. dxe5 Nxe5 12. Nxe5 Bxe5 13. Bxe5 Qxe5 14. Nf3 Qd6 15. cxd5 Qxd5 16. Qc2 Qh5 17. Rfd1 Bb7 18. Be2 Be4 19. Qb2 Qg6 20. Rd6 Qf5 21. Rad1 Rfe8 22. Bd3 Bxd3 23. R6xd3 h6 24. h3 Rac8 25. Qc1 Ne4 26. Rd7 c4 27. bxc4 b5 28. R7d5 Qe6 29. Nd4 Qxd5 30. cxd5 Rxc1 31. Rxc1 Rd8 32. f3 Nf6 33. e4 a6 34. Rc6 Ra8 35. d6 Kf8 36. e5 Nd7 37. e6 fxe6 38. Nxe6+ Kf7 39. Nc7 Ne5 40. Rc5 Nd7 41. Rf5+ Kg6 42. Rxb5 axb5 43. Nxa8 Kf6 44. Nc7 Ke5 45. Nxb5 Nb6 46. a4 Ke6 47. a5 Nd7 48. a6 1-0